<?xml version="1.0" encoding="UTF-8"?>
<collection xmlns:xsi="http://www.w3.org/2001/XMLSchema-instance" xsi:schemaLocation="http://www.loc.gov/MARC21/slim http://www.loc.gov/standards/marcxml/schema/MARC21slim.xsd" xmlns="http://www.loc.gov/MARC21/slim">
 <record>
  <leader>00000ccm a22000004a 4500</leader>
  <controlfield tag="001">UP-99796217606520927</controlfield>
  <controlfield tag="003">Buklod</controlfield>
  <controlfield tag="005">20230503092542.0</controlfield>
  <controlfield tag="006">a     r    |||| u|</controlfield>
  <controlfield tag="007">qu</controlfield>
  <controlfield tag="008">031028s1999    xx op|||||||||||| | ita d</controlfield>
  <datafield tag="035" ind1=" " ind2=" ">
   <subfield code="a">(iLib)UPD-00000403441</subfield>
  </datafield>
  <datafield tag="040" ind1=" " ind2=" ">
   <subfield code="a">DMUS</subfield>
  </datafield>
  <datafield tag="041" ind1=" " ind2=" ">
   <subfield code="a">itafre</subfield>
  </datafield>
  <datafield tag="042" ind1=" " ind2=" ">
   <subfield code="a">DMLUC</subfield>
  </datafield>
  <datafield tag="090" ind1=" " ind2=" ">
   <subfield code="a">CD 1237</subfield>
  </datafield>
  <datafield tag="245" ind1="0" ind2="0">
   <subfield code="a">Simply the best night at the opera</subfield>
   <subfield code="h">[sound recording].</subfield>
  </datafield>
  <datafield tag="264" ind1=" " ind2="1">
   <subfield code="a">Paris</subfield>
   <subfield code="b">Erato</subfield>
   <subfield code="c">c1999.</subfield>
  </datafield>
  <datafield tag="300" ind1=" " ind2=" ">
   <subfield code="a">2 sound discs. (134 min., 45 sec.)</subfield>
   <subfield code="b">digital</subfield>
   <subfield code="c">4 3/4 in.</subfield>
  </datafield>
  <datafield tag="500" ind1=" " ind2=" ">
   <subfield code="a">Erato: 30842 64992</subfield>
  </datafield>
  <datafield tag="500" ind1=" " ind2=" ">
   <subfield code="a">Program notes (4 p.) and an essay by Alan Cochard entitled: Four centuries of opera translated by Mary Criswick.</subfield>
  </datafield>
  <datafield tag="505" ind1="0" ind2=" ">
   <subfield code="a">CD 1. &quot;Nessun dorma (Turandot) / Puccini -- 'O mio babbino caro' (Gianni Schicchi) / Puccini -- Messieurs silence (Barcorolle) (Les contes d' Hoffmann) / Offenbach -- &quot;Una furtima lagrima&quot; (L'Elisia d&quot;amore) / Donizetti -- 'Je dis que rien ne m&quot;epouvante (Carmen) / Bizet -- 'Au fond du temple saint' (Les pecheurs de perles) / Bizet -- &quot;Al piu dolce' (L'Inganno felice) / Rossini -- 'Soave sia il vento (Cosi fan tutte) / Mozart -- 'Ombra mai fu' (Xerxes) / Handel -- Quietly night -- Gi d'insolito audore nel petto (L'haliana in alegri) / Rossini -- &quot;Les oiseaux dans La Charmille (Les centres d'Hoffman) / Offenbach -- Pourquoi me reveiller (Werther) / Massenet -- &quot;Song to the moon (Rusalka) / Dvorak -- CD 2. 'O soave fanciulla' (La Boheme) / Puccini -- &quot;Mon cocur s'ouvre a ta voix (Samson et Dalila) / Saint-Saenz -- 'Voi che sapete che cosa e amor' (Le nozze di figaro) / Mozart -- 'Look! Through the port comes the moonshine astray!' (Billy Budd) / Britten -- Lamento di Ottavia: 'Disprezzata Regina' (Chicovonzione di Poppea / Monteverdi -- 'Gualier Malde'... caro nome' (Rigoletto) / Verdi -- 'Donna non vidi mai' (Manon Lescaut) / Puccini -- 'Un bel di vedremo' (Madama Butterfly) / Puccini -- 'D'amour l'ardente flamme' (La damnation de Faust) / Berlioz -- &quot;Vous qui faites l'endormie (Faust) / Guonod -- 'Didos lament'thy hand, Belinda - When I am laid in earth (Dido and Aeneas) / Purcell -- Scene and monologue by Ibn Hakia (Yolanta) / Tcshaikovsky --'Votre toast, je peux vous le rendre (Carmen) / Bizet -- 'E lucevan le stelle' (Tosca) / Puccini -- 'Wie Todesahnung, Damm'rung deckt die Lande... O du mein holdre Abendstern' (Tannhauser) / Wagner.</subfield>
  </datafield>
  <datafield tag="511" ind1="0" ind2=" ">
   <subfield code="a">Roberto Alagna, Cecilia Bartoli, Jose Carreras, Jose Cura, Placido Domingo, Angela Gheorghiu, Barbara Hendricks, Sumi Jo, Kiri Te Kanawa, Dawn Upshaw.</subfield>
  </datafield>
  <datafield tag="650" ind1=" " ind2="4">
   <subfield code="a">Operas</subfield>
   <subfield code="v">Excerpts.</subfield>
  </datafield>
  <datafield tag="700" ind1="1" ind2=" ">
   <subfield code="a">Alagna, Roberto.</subfield>
  </datafield>
  <datafield tag="700" ind1="1" ind2=" ">
   <subfield code="a">Bartoli, Cecilia.</subfield>
  </datafield>
  <datafield tag="700" ind1="1" ind2=" ">
   <subfield code="a">Carreras, Jose.</subfield>
  </datafield>
  <datafield tag="700" ind1="1" ind2=" ">
   <subfield code="a">Cura, Jose.</subfield>
  </datafield>
  <datafield tag="700" ind1="1" ind2=" ">
   <subfield code="a">Domingo, Placido</subfield>
   <subfield code="d">1941-.</subfield>
  </datafield>
  <datafield tag="700" ind1="1" ind2=" ">
   <subfield code="a">Cheorghiu, Angela.</subfield>
  </datafield>
  <datafield tag="700" ind1="1" ind2=" ">
   <subfield code="a">Hendricks, Barbara.</subfield>
  </datafield>
  <datafield tag="700" ind1="1" ind2=" ">
   <subfield code="a">Sumi, Jo.</subfield>
  </datafield>
  <datafield tag="700" ind1="1" ind2=" ">
   <subfield code="a">Te Kanawa, Kiri.</subfield>
  </datafield>
  <datafield tag="700" ind1="1" ind2=" ">
   <subfield code="a">Upshaw, Dawn.</subfield>
  </datafield>
  <datafield tag="842" ind1=" " ind2=" ">
   <subfield code="a">Music</subfield>
  </datafield>
  <datafield tag="905" ind1=" " ind2=" ">
   <subfield code="a">FO</subfield>
  </datafield>
  <datafield tag="852" ind1="0" ind2=" ">
   <subfield code="a">UPD</subfield>
   <subfield code="b">DMUS</subfield>
   <subfield code="h">CD 1237</subfield>
  </datafield>
  <datafield tag="942" ind1=" " ind2=" ">
   <subfield code="a">Music</subfield>
  </datafield>
 </record>
</collection>
